| 000 | 00989cab a22001935a 4500 | ||
|---|---|---|---|
| 001 | L148770 | ||
| 008 | 091109e20091030xxkbdo f 000 0 eng d | ||
| 035 | _a(Sirsi) u148770 | ||
| 041 | 0 | _aeng | |
| 100 | 1 | _aShah, Aditi | |
| 245 | 0 | 0 |
_aMarkets _bKent |
| 260 | _c2009 | ||
| 490 | 0 |
_aProperty Week _v75(44) Property Week 30 October 2009, 45-52 (5) |
|
| 520 | _aRival rail freight schemes, Kent International Gateway near Bearstead and Kent Rail and Freight Terminal near Borough Green, are battling for planning consent supremacy. Southeastern Railways £200m high-speed link between Kent and St Pancras, fully operational by December 2009, will have a major impact on adjacent property markets. Kent?s office market is already showing signs of picking up. Even the moribund Kent industrial letting market has awoken after a nine-month slumber. Chart. Table. Graph. | ||
| 590 | _aKA | ||
| 651 | 4 | _aKent | |
| 690 | _aPROPERTY-COMMERCIAL PROPERTY-COMMERCIAL PROPERTY MARKET | ||
| 942 | _n0 | ||
| 999 |
_c81948 _d81948 |
||